Guess The movie By a Poor Description - Statistics

General Stats
  • This quiz has been taken 33 times
  • The average score is 5 of 20
Answer Stats
Hint Answer % Correct
Guy goes back in time to save his baby mama from a machine with a machine gun. Even though he gets flattened, he'll be back. Terminator
65%
Deck the halls with lots terrorists. Fa la la la... Uh oh, here comes a random dude with a gun. Die hard
54%
Idiot is hooked on a blond chick, then heals the nation through shrimp, ping pong, and lots of running. Forrest Gump
54%
Man flies out of a plane. Befriends a white ball and fixes a toothache Cast Away
42%
Not so short, terrible toy maker wants to meet his dad. Pops is not impressed. Elf
42%
Three misfits try to gain prestige at a party. Two look like idiots, one befriends some cops. Superbad
42%
A dude goes crazy over a business card, then reverently sends an acquaintance to the grave with an axe. American Psycho
38%
You know what's real? Nothing! Time for green pixels, a bendy spoon and breath-taking special effects! The Matrix
38%
Nerdy heartthrob transforms into a jacked dude, on a quest to find a big cat. Then his friend gets eaten by a hippo. Jumanji
35%
Burned out guy haunts kids for hitting the hay. He's got a sweet hat though! A Nightmare on Elm Street
31%
A psycho and his goofy friend take down Drew Barrymore, and then half the cast. Beware of garage doors. Scream
31%
The colony doesn't want to hear his ideas. Still, he pioneers, and then his enemy gets eaten by a bird. A Bug's Life
12%
Dad's wife gets eaten, then his son is kidnapped by an Australian dude. Finding Nemo
12%
After countless days hitting up bars, playing piano and jumping from tall heights, this man still can't escape rodents from pennsylvania. Groundhog day
12%
Slow teen spends his life hunting wolverines, eating potato products, and perfecting the art of upper lip shading. He learns to dance and suddenly he's cool. Napoleon Dynamite
12%
Businessman steals a suit and breaks into people's homes. He hates it at first, but comes to enjoy it as he gets fatter. The Santa Clause
12%
Creatures invade the planet. Water, a baseball bat and asthma restores a man's faith. Signs
8%
Down syndrome person loves wrestling. Learns to swim, fish, and throw people to the moon. The Peanut Butter Falcon
4%
A man falls in love, then accidentally kills a mobster with the help of a friend and a scorching hot pepper. Spoiler alert, his girl doesn't love him back. Dumb & Dumber
0%
Man is thrown to his death from apartment. He gets resurrected by a bird for the ultimate redemption. The Crow
0%
No matching quizzes found
Score Distribution
Percent of People with Each Score
Percentile by Number Answered
Your Score History
You have not taken this quiz